000 01477nam a22002297a 4500
999 _c60238
_d60238
003 Ge_BSU
005 20230621111744.0
008 230621s1979 ge ||||| |||| 00| 0 geo d
041 _ageo
080 _a903.02(479.22) მ-85
100 _aმორჩაძე, თ.
_918860
245 _aშიდა ქართლის ანტიკური პერიოდის კერამიკა :
_bპეტროგრაფიული მონაცემებით /
_cთ. მორჩაძე; რედ. ი. გაგოშიძე; ჯანაშიას სახ. საქართველოს სახელმწ. მუზეუმი.
264 _aთბილისი :
_bმეცნიერება,
_c1979.
300 _a92გვ. ;
_b21სმ.
501 _aგამოსახულებათა ტაბ. და მათი სია: გვ. 92-125. ლიტ. სია: გვ. 85-88 (62 დასახ.).
520 _aრეზ. რუს.ენაზე
653 _aკერამიკული ნაწარმი საქართველოში.
653 _aარქეოლოგიური გათხრები შიდა ქართლში.
700 _aგაგოშიძე, ი.
_eრედაქტორი
_94178
710 _aჯანაშიას სახ. საქართველოს სახელმწ. მუზეუმი.
_918861
942 _2udc
_cBK